header

Climate change adaptation and disaster risk reduction (Record no. 136294)

MARC details
000 -LEADER
fixed length control field 01522nam a2200361 a 4500
245 00 - TITLE STATEMENT
Title Climate change adaptation and disaster risk reduction
250 ## - EDITION STATEMENT
Edition statement 1st ed.
260 ## - PUBLICATION, DISTRIBUTION, ETC. (IMPRINT)
Place of publication Bradford, U.K. :
Name of publisher Emerald Group Pub. Ltd.,
Year of publication 2010.
300 ## - PHYSICAL DESCRIPTION
Number of Pages xx, 476 p. :
Other physical details ill. (some col.), maps (some col.).
490 1# - SERIES STATEMENT
Series statement Community, environment and disaster risk management,
650 #0 - SUBJECT ADDED ENTRY--TOPICAL TERM
Topical Term Climatic changes
Topical Term Natural disasters
700 1# - ADDED ENTRY--PERSONAL NAME
Personal name Shaw, Rajib.
Personal name Pulhin, Juan M.
Personal name Pereira, Joy Jacqueline.
856 40 - ELECTRONIC LOCATION AND ACCESS
Uniform Resource Identifier http://site.ebrary.com/lib/rucke/Doc?id=10445342

No items available.

© 2026 Rongo University
Contact us: librarian | system librarian | Rongo university